International Journal of Obstetrics and Gynaecology Nursing (Record no. 356420)
[ view plain ]
| 000 -LEADER | |
|---|---|
| fixed length control field | 00390nam a22001337a 4500 |
| 008 - FIXED-LENGTH DATA ELEMENTS--GENERAL INFORMATION | |
| fixed length control field | 231027b |||||||| |||| 00| 0 eng d |
| 041 ## - LANGUAGE CODE | |
| Language code of text/sound track or separate title | eng |
| 082 ## - DEWEY DECIMAL CLASSIFICATION NUMBER | |
| Item number | SRI |
| 110 ## - MAIN ENTRY--CORPORATE NAME | |
| Corporate name or jurisdiction name as entry element | Srinivasan, Prakash |
| 245 ## - TITLE STATEMENT | |
| Title | International Journal of Obstetrics and Gynaecology Nursing |
| Remainder of title | Volume No. 6 to 8 Year 2019-2021 |
| 260 ## - PUBLICATION, DISTRIBUTION, ETC. | |
| Place of publication, distribution, etc. | Chennai |
| Name of publisher, distributor, etc. | McMed International |
| 300 ## - PHYSICAL DESCRIPTION | |
| Extent | 255P. |
| 942 ## - ADDED ENTRY ELEMENTS (KOHA) | |
| Koha item type | Bound Volume |
No items available.